<?xml version="1.0" encoding="UTF-8"?>
<record
    xmlns:xsi="http://www.w3.org/2001/XMLSchema-instance"
    xsi:schemaLocation="http://www.loc.gov/MARC21/slim http://www.loc.gov/standards/marcxml/schema/MARC21slim.xsd"
    xmlns="http://www.loc.gov/MARC21/slim">

  <leader>00362nam a2200157Ia 4500</leader>
  <datafield tag="100" ind1=" " ind2=" ">
    <subfield code="a">Hwang/Kai/ Fox Geoffrey c </subfield>
  </datafield>
  <datafield tag="650" ind1=" " ind2=" ">
    <subfield code="a">Cloud computing</subfield>
  </datafield>
  <datafield tag="942" ind1=" " ind2=" ">
    <subfield code="c">BK</subfield>
  </datafield>
  <datafield tag="366" ind1=" " ind2=" ">
    <subfield code="f">25</subfield>
  </datafield>
  <datafield tag="654" ind1=" " ind2=" ">
    <subfield code="a">distributed computing</subfield>
  </datafield>
  <datafield tag="245" ind1=" " ind2=" ">
    <subfield code="a">Distributed and cloud computing</subfield>
  </datafield>
  <datafield tag="260" ind1=" " ind2=" ">
    <subfield code="b">Morgan Kaufmann</subfield>
    <subfield code="c">2012</subfield>
  </datafield>
  <datafield tag="082" ind1=" " ind2=" ">
    <subfield code="a">4.65</subfield>
    <subfield code="b">HWA</subfield>
  </datafield>
  <datafield tag="300" ind1=" " ind2=" ">
    <subfield code="a">648</subfield>
  </datafield>
  <datafield tag="546" ind1=" " ind2=" ">
    <subfield code="a">ENGLISH</subfield>
  </datafield>
  <datafield tag="999" ind1=" " ind2=" ">
    <subfield code="c">28828</subfield>
    <subfield code="d">28828</subfield>
  </datafield>
  <datafield tag="952" ind1=" " ind2=" ">
    <subfield code="0">0</subfield>
    <subfield code="1">0</subfield>
    <subfield code="4">0</subfield>
    <subfield code="7">0</subfield>
    <subfield code="8">CRC</subfield>
    <subfield code="a">CRCE</subfield>
    <subfield code="b">CRCE</subfield>
    <subfield code="d">2023-03-17</subfield>
    <subfield code="e">Allied Publisher</subfield>
    <subfield code="g">457.50</subfield>
    <subfield code="i">499 dt 10.08.2017</subfield>
    <subfield code="l">0</subfield>
    <subfield code="o">4.65 HWA</subfield>
    <subfield code="p">24919</subfield>
    <subfield code="r">2023-03-17</subfield>
    <subfield code="v">610.00</subfield>
    <subfield code="w">0000-00-00</subfield>
    <subfield code="y">BK</subfield>
  </datafield>
  <datafield tag="952" ind1=" " ind2=" ">
    <subfield code="0">0</subfield>
    <subfield code="1">0</subfield>
    <subfield code="4">0</subfield>
    <subfield code="7">0</subfield>
    <subfield code="8">CRC</subfield>
    <subfield code="a">CRCE</subfield>
    <subfield code="b">CRCE</subfield>
    <subfield code="d">2023-03-17</subfield>
    <subfield code="e">Allied Publisher</subfield>
    <subfield code="g">457.50</subfield>
    <subfield code="i">499 dt 10.08.2017</subfield>
    <subfield code="l">0</subfield>
    <subfield code="o">4.65 HWA</subfield>
    <subfield code="p">24920</subfield>
    <subfield code="r">2023-03-17</subfield>
    <subfield code="v">610.00</subfield>
    <subfield code="w">0000-00-00</subfield>
    <subfield code="y">BK</subfield>
  </datafield>
  <datafield tag="952" ind1=" " ind2=" ">
    <subfield code="0">0</subfield>
    <subfield code="1">0</subfield>
    <subfield code="4">0</subfield>
    <subfield code="7">0</subfield>
    <subfield code="8">CRC</subfield>
    <subfield code="a">CRCE</subfield>
    <subfield code="b">CRCE</subfield>
    <subfield code="d">2023-03-17</subfield>
    <subfield code="e">Allied Publisher</subfield>
    <subfield code="g">457.50</subfield>
    <subfield code="i">499 dt 10.08.2017</subfield>
    <subfield code="l">0</subfield>
    <subfield code="o">4.65 HWA</subfield>
    <subfield code="p">24921</subfield>
    <subfield code="r">2023-03-17</subfield>
    <subfield code="v">610.00</subfield>
    <subfield code="w">0000-00-00</subfield>
    <subfield code="y">BK</subfield>
  </datafield>
  <datafield tag="952" ind1=" " ind2=" ">
    <subfield code="0">0</subfield>
    <subfield code="1">0</subfield>
    <subfield code="4">0</subfield>
    <subfield code="7">0</subfield>
    <subfield code="8">CRC</subfield>
    <subfield code="a">CRCE</subfield>
    <subfield code="b">1234</subfield>
    <subfield code="d">2023-03-17</subfield>
    <subfield code="e">Allied Publisher</subfield>
    <subfield code="g">457.50</subfield>
    <subfield code="i">499 dt 10.08.2017</subfield>
    <subfield code="l">1</subfield>
    <subfield code="o">4.65 HWA</subfield>
    <subfield code="p">24922</subfield>
    <subfield code="q">2023-02-08</subfield>
    <subfield code="r">2023-06-12</subfield>
    <subfield code="s">2023-06-12</subfield>
    <subfield code="v">610.00</subfield>
    <subfield code="w">0000-00-00</subfield>
    <subfield code="y">BK</subfield>
  </datafield>
  <datafield tag="952" ind1=" " ind2=" ">
    <subfield code="0">0</subfield>
    <subfield code="1">0</subfield>
    <subfield code="4">0</subfield>
    <subfield code="7">0</subfield>
    <subfield code="8">CRC</subfield>
    <subfield code="a">CRCE</subfield>
    <subfield code="b">CRCE</subfield>
    <subfield code="d">2023-03-17</subfield>
    <subfield code="e">Allied Publisher</subfield>
    <subfield code="g">457.50</subfield>
    <subfield code="i">499 dt 10.08.2017</subfield>
    <subfield code="l">0</subfield>
    <subfield code="o">4.65 HWA</subfield>
    <subfield code="p">24923</subfield>
    <subfield code="r">2023-03-17</subfield>
    <subfield code="v">610.00</subfield>
    <subfield code="w">0000-00-00</subfield>
    <subfield code="y">BK</subfield>
  </datafield>
  <datafield tag="952" ind1=" " ind2=" ">
    <subfield code="0">0</subfield>
    <subfield code="1">0</subfield>
    <subfield code="4">0</subfield>
    <subfield code="7">0</subfield>
    <subfield code="8">CRC</subfield>
    <subfield code="a">CRCE</subfield>
    <subfield code="b">CRCE</subfield>
    <subfield code="d">2023-03-17</subfield>
    <subfield code="e">Allied Publisher</subfield>
    <subfield code="g">457.50</subfield>
    <subfield code="i">499 dt 10.08.2017</subfield>
    <subfield code="l">0</subfield>
    <subfield code="o">4.65 HWA</subfield>
    <subfield code="p">24924</subfield>
    <subfield code="r">2023-03-17</subfield>
    <subfield code="v">610.00</subfield>
    <subfield code="w">0000-00-00</subfield>
    <subfield code="y">BK</subfield>
  </datafield>
</record>
